<?xml version="1.0" encoding="UTF-8"?>
<marc:record xmlns:marc="http://www.loc.gov/MARC21/slim">
   <marc:leader>00000nam a2200000 a 4500</marc:leader>
   <marc:datafield ind1="1" ind2=" " tag="100">
      <marc:subfield code="a">Hayes, Samantha</marc:subfield>
      <marc:subfield code="4">aut</marc:subfield>
      <marc:subfield code="e">Verfasser/-in</marc:subfield>
   </marc:datafield>
   <marc:datafield ind1="0" ind2="0" tag="245">
      <marc:subfield code="a">Eine von uns</marc:subfield>
   </marc:datafield>
   <marc:datafield ind1="0" ind2="0" tag="245">
      <marc:subfield code="b">Thriller</marc:subfield>
   </marc:datafield>
   <marc:datafield ind1=" " ind2="1" tag="264">
      <marc:subfield code="b">dtv</marc:subfield>
      <marc:subfield code="c">2024</marc:subfield>
   </marc:datafield>
   <marc:datafield ind1="1" ind2=" " tag="520">
      <marc:subfield code="a">Quelle: bn.bibliotheksnachrichten (http://www.biblio.at/literatur/bn/index.html); 
Autor: Edith Ratzberger; 
Wenn man bei Freunden Unterschlupf findet, sollte man eigentlich in Sicherheit sein. (DR)
Nach dem Brand ihres Hauses findet Gina mit ihrer Familie Zuflucht im Anwesen ihrer Freundin Annie, die nicht in der Stadt ist. Das großzügige Haus scheint die perfekte Übergangslösung zu sein  bis eine Frau namens Mary auftaucht, die behauptet, die Haushälterin zu sein. Gina glaubt ihr und anfangs verläuft das Leben im Haus völlig normal, bis sich beunruhigende Vorfälle häufen, die Gina zunehmend verunsichern. Stück für Stück kommen verdrängte Erinnerungen an ein lange zurückliegendes Ereignis an die Oberfläche  und die eigentliche Bedrohung steht erst bevor.
»Eine von uns« von Samantha Hayes ist ein Psychothriller, der das Spiel mit Misstrauen und trügerischer Sicherheit gekonnt in den Mittelpunkt rückt. Die Ausgangssituation wirkt zunächst vertraut, doch schnell entsteht ein Gefühl von Bedrohung, das sich wie ein Netz über die Handlung legt. Besonders gelungen ist der Autorin darzustellen, wie sich kleine Irritationen langsam zu einem großen Puzzle aus Täuschung und Verrat zusammensetzen. Zwar sind manche Figuren der Erzählung in ihrer Naivität schwer nachvollziehbar und einzelne Wendungen etwas vorhersehbar, dennoch gelingt es Hayes, durch ihre dichte Atmosphäre und das steigende Tempo die Spannung stetig hochzuhalten. Vor allem zum Ende hin zieht der Roman das Tempo deutlich an und überrascht mit kompromissloser Härte.
»Eine von uns« ist ein Thriller, der nicht frei von Schwächen ist, aber dennoch empfehlenswert für alle, die psychologische Spannung mit dunklen Geheimnissen lieben.</marc:subfield>
   </marc:datafield>
   <marc:datafield ind1=" " ind2=" " tag="020">
      <marc:subfield code="a">9783423221337</marc:subfield>
      <marc:subfield code="9">9783423221337</marc:subfield>
   </marc:datafield>
</marc:record>
